| 000 | 00561nam a22001697a 4500 | ||
|---|---|---|---|
| 003 | PILC | ||
| 005 | 20150605143433.0 | ||
| 008 | 150605b xxu||||| |||| 00| 0 eng d | ||
| 050 |
_aTT 995 _b.M198 2010 |
||
| 100 | _aMagno, Robert Angelo P. | ||
| 245 |
_aA feasibility study in putting up a laundry shop in Muntinlupa City / _cRobert Angelo P. Magno. |
||
| 260 |
_aMuntinlupa City : _bSMC, _c2010. |
||
| 300 |
_a57 pages : _billustrations ; _c28 cm. |
||
| 500 | _aIncludes bibliographical references and indexes. | ||
| 650 | _aLaundry. | ||
| 942 |
_2lcc _cTH _kLOC |
||
| 999 |
_c284766 _d284766 |
||